[Event "Deutsche Ländermeisterschaft 2025"]
[Site "Oer-Erkenschwick GER"]
[Date "2025.10.02"]
[Round "3"]
[White "Lorenz, Veronika"]
[Black "Ulrich, Helena Irene"]
[Result "1-0"]
[Termination "normal"]
[Board "7.5"]
[WhiteElo "1972"]
[BlackElo "1806"]
[WhiteClock "00:17:45"]
[BlackClock "00:11:01"]
[WhiteTeam "Berlin"]
[BlackTeam "Thüringen"]
[PlyCount "95"]
[WhiteFideId "16277406"]
[BlackFideId "16256000"]
[EventCountry "GER"]
[EventRounds "7"]
[EventType "team-swiss"]
[EventDate "2025.09.30"]

1. e4 {[%clk 01:30:59]} c5 {[%clk 01:30:56]} {[%emt 00:00:04]} 2. Nf3 {[%clk
01:31:28]} Nc6 {[%clk 01:31:22]} {[%emt 00:00:05]} 3. d4 {[%clk 01:31:56]}
{[%emt 00:00:01]} cxd4 {[%clk 01:31:46]} {[%emt 00:00:06]} 4. Nxd4 {[%clk
01:32:25]} {[%emt 00:00:01]} Nf6 {[%clk 01:32:10]} {[%emt 00:00:07]} 5. Nc3
{[%clk 01:32:45]} {[%emt 00:00:09]} e5 {[%clk 01:32:36]} {[%emt 00:00:04]} 6.
Ndb5 {[%clk 01:33:11]} {[%emt 00:00:04]} d6 {[%clk 01:33:02]} {[%emt 00:00:04]}
7. Nd5 {[%clk 01:33:40]} {[%emt 00:00:02]} Nxd5 {[%clk 01:33:26]} {[%emt
00:00:05]} 8. exd5 {[%clk 01:34:08]} {[%emt 00:00:02]} Nb8 {[%clk 01:31:55]}
{[%emt 00:02:01]} 9. a4 {[%clk 01:33:12]} {[%emt 00:01:26]} a6 {[%clk
01:31:22]} {[%emt 00:01:03]} 10. Na3 {[%clk 01:33:18]} {[%emt 00:00:25]} Be7
{[%clk 01:30:27]} {[%emt 00:01:25]} 11. Be2 {[%clk 01:33:43]} {[%emt 00:00:05]}
O-O {[%clk 01:30:38]} {[%emt 00:00:18]} 12. O-O {[%clk 01:34:10]} {[%emt
00:00:03]} Nd7 {[%clk 01:28:45]} {[%emt 00:02:23]} 13. Nc4 {[%clk 01:33:15]}
{[%emt 00:01:25]} f5 {[%clk 01:22:37]} {[%emt 00:06:38]} 14. f4 {[%clk
01:33:27]} {[%emt 00:00:17]} exf4 {[%clk 01:11:44]} {[%emt 00:11:24]} 15. Bxf4
{[%clk 01:32:51]} {[%emt 00:01:07]} Nb6 {[%clk 01:09:43]} {[%emt 00:02:30]} 16.
a5 {[%clk 01:23:47]} {[%emt 00:09:33]} Nxc4 {[%clk 01:09:46]} {[%emt 00:00:28]}
17. Bxc4 {[%clk 01:24:15]} {[%emt 00:00:02]} Bg5 {[%clk 00:53:54]} {[%emt
00:16:22]} 18. Qd2 {[%clk 01:13:44]} {[%emt 00:11:00]} Bxf4 {[%clk 00:53:32]}
{[%emt 00:00:53]} 19. Qxf4 {[%clk 01:04:28]} {[%emt 00:09:46]} Qf6 {[%clk
00:50:11]} {[%emt 00:03:51]} 20. c3 {[%clk 01:03:09]} {[%emt 00:01:49]} Bd7
{[%clk 00:46:51]} {[%emt 00:03:50]} 21. Rae1 {[%clk 01:03:06]} {[%emt
00:00:33]} Rae8 {[%clk 00:45:48]} {[%emt 00:01:33]} 22. Bd3 {[%clk 00:54:02]}
{[%emt 00:09:34]} Re7 {[%clk 00:38:35]} {[%emt 00:07:43]} 23. Rxe7 {[%clk
00:43:33]} {[%emt 00:10:59]} Qxe7 {[%clk 00:38:59]} {[%emt 00:00:06]} 24. Qd4
{[%clk 00:39:12]} {[%emt 00:04:49]} Bc8 {[%clk 00:11:48]} {[%emt 00:27:43]} 25.
c4 {[%clk 00:37:15]} {[%emt 00:02:26]} Qg5 {[%clk 00:10:23]} {[%emt 00:01:56]}
26. Be2 {[%clk 00:25:01]} {[%emt 00:12:37]} Re8 {[%clk 00:07:41]} {[%emt
00:03:19]} 27. Bf3 {[%clk 00:24:55]} {[%emt 00:00:35]} f4 {[%clk 00:04:21]}
{[%emt 00:03:51]} 28. Be4 {[%clk 00:13:26]} {[%emt 00:11:58]} Qh4 {[%clk
00:03:01]} {[%emt 00:01:51]} 29. Bf3 {[%clk 00:05:06]} {[%emt 00:08:50]} Re5
{[%clk 00:02:14]} {[%emt 00:01:17]} 30. c5 {[%clk 00:04:10]} {[%emt 00:01:26]}
Qe7 {[%clk 00:01:14]} {[%emt 00:01:30]} 31. cxd6 {[%clk 00:03:59]} {[%emt
00:00:41]} Qxd6 {[%clk 00:01:43]} {[%emt 00:00:02]} 32. Qxf4 {[%clk 00:02:51]}
{[%emt 00:01:37]} Qc5+ {[%clk 00:02:11]} {[%emt 00:00:02]} 33. Kh1 {[%clk
00:03:20]} {[%emt 00:00:01]} Qb5 {[%clk 00:00:41]} {[%emt 00:02:00]} 34. Be2
{[%clk 00:02:17]} {[%emt 00:01:33]} Qe8 {[%clk 00:00:48]} {[%emt 00:00:22]} 35.
Bc4 {[%clk 00:01:52]} {[%emt 00:00:55]} Rf5 {[%clk 00:00:41]} {[%emt 00:00:38]}
36. d6+ {[%clk 00:01:57]} {[%emt 00:00:25]} Kh8 {[%clk 00:01:09]} {[%emt
00:00:02]} 37. Qc1 {[%clk 00:01:43]} {[%emt 00:00:41]} Rxa5 {[%clk 00:00:33]}
{[%emt 00:01:10]} 38. Bf7 {[%clk 00:00:42]} {[%emt 00:01:30]} Qd8 {[%clk
00:00:43]} {[%emt 00:00:21]} 39. Qd2 {[%clk 00:01:04]} {[%emt 00:00:07]} Rb5
{[%clk 00:00:31]} {[%emt 00:00:43]} 40. Bc4 {[%clk 00:00:33]} {[%emt 00:01:00]}
Rc5 {[%clk 00:00:34]} {[%emt 00:00:28]} 41. Qd4 {[%clk 00:28:35]} {[%emt
00:02:25]} Rf5 {[%clk 00:20:55]} {[%emt 00:10:12]} 42. Re1 {[%clk 00:27:22]}
{[%emt 00:01:41]} b5 {[%clk 00:16:45]} {[%emt 00:04:42]} 43. Bd3 {[%clk
00:25:12]} {[%emt 00:02:37]} Rf7 {[%clk 00:15:37]} {[%emt 00:01:40]} 44. Qe4
{[%clk 00:22:07]} {[%emt 00:03:35]} g6 {[%clk 00:15:14]} {[%emt 00:00:54]} 45.
Qe5+ {[%clk 00:18:09]} {[%emt 00:04:26]} Kg8 {[%clk 00:15:21]} {[%emt
00:00:25]} 46. Bc2 {[%clk 00:17:13]} {[%emt 00:01:20]} Rf2 {[%clk 00:10:35]}
{[%emt 00:05:22]} 47. Bb3+ {[%clk 00:17:21]} {[%emt 00:00:22]} Kf8 {[%clk
00:11:01]} {[%emt 00:00:04]} 48. Qh8# {[%clk 00:17:45]} {[%emt 00:00:06]} 1-0

[Event "Deutsche Ländermeisterschaft 2025"]
[Site "Oer-Erkenschwick GER"]
[Date "2025.10.02"]
[Round "3"]
[White "Boroshnev, Dmytro"]
[Black "Chakhalov, Mikael"]
[Result "1/2-1/2"]
[Termination "normal"]
[Board "7.6"]
[WhiteElo "1703"]
[BlackElo "1949"]
[WhiteClock "01:12:27"]
[BlackClock "01:01:15"]
[WhiteTeam "Thüringen"]
[BlackTeam "Berlin"]
[PlyCount "56"]
[WhiteFideId "34163611"]
[BlackFideId "34644458"]
[EventCountry "GER"]
[EventRounds "7"]
[EventType "team-swiss"]
[EventDate "2025.09.30"]

1. e4 e6 2. d4 d5 3. Nd2 dxe4 4. Nxe4 Nd7 5. g3 Ngf6 6. Nxf6+ Nxf6 7. Bg2 c5 8.
Ne2 Be7 9. O-O O-O 10. c3 Qb6 11. a4 a5 12. dxc5 Bxc5 13. Nf4 Rd8 14. Qe2 Bd7
15. Nd3 Bc6 16. Nxc5 Bxg2 17. Kxg2 Qxc5 18. Be3 Qc6+ 19. Kg1 Rd5 20. Rfd1 Rad8
21. Bd4 Qd6 22. Re1 Nd7 23. f4 Re8 24. Rad1 f6 25. Bf2 Re7 26. Qf3 Nb6 27. Rxd5
Qxd5 28. Qxd5 {[%clk 01:12:27]} Nxd5 {[%clk 01:01:15]} 1/2-1/2

[Event "Deutsche Ländermeisterschaft 2025"]
[Site "Oer-Erkenschwick GER"]
[Date "2025.10.02"]
[Round "3"]
[White "Fock, Madiha"]
[Black "Ignatova, Gabriela"]
[Result "1/2-1/2"]
[Termination "normal"]
[Board "7.7"]
[WhiteElo "1855"]
[BlackElo "1703"]
[WhiteClock "00:02:08"]
[BlackClock "00:03:04"]
[WhiteTeam "Berlin"]
[BlackTeam "Thüringen"]
[PlyCount "70"]
[WhiteFideId "16253574"]
[BlackFideId "34623698"]
[EventCountry "GER"]
[EventRounds "7"]
[EventType "team-swiss"]
[EventDate "2025.09.30"]

1. e4 {[%clk 01:30:57]} {[%emt 00:00:01]} c5 {[%clk 01:30:53]} {[%emt
00:00:07]} 2. Nf3 {[%clk 01:31:23]} {[%emt 00:00:05]} e6 {[%clk 01:31:17]}
{[%emt 00:00:05]} 3. d4 {[%clk 01:31:47]} {[%emt 00:00:05]} cxd4 {[%clk
01:31:41]} {[%emt 00:00:07]} 4. Nxd4 {[%clk 01:32:12]} {[%emt 00:00:05]} Nf6
{[%clk 01:32:06]} {[%emt 00:00:05]} 5. Bd3 {[%clk 01:28:47]} {[%emt 00:03:54]}
Nc6 {[%clk 01:31:14]} {[%emt 00:01:23]} 6. Nxc6 {[%clk 01:27:21]} {[%emt
00:01:56]} dxc6 {[%clk 01:31:33]} {[%emt 00:00:11]} 7. O-O {[%clk 01:25:59]}
{[%emt 00:01:52]} e5 {[%clk 01:31:25]} {[%emt 00:00:38]} 8. f4 {[%clk
01:14:31]} {[%emt 00:11:57]} Bc5+ {[%clk 01:24:22]} {[%emt 00:07:33]} 9. Kh1
{[%clk 01:14:25]} {[%emt 00:00:36]} Ng4 {[%clk 01:24:27]} {[%emt 00:00:26]} 10.
Qe1 {[%clk 01:11:26]} {[%emt 00:03:30]} Qb6 {[%clk 01:14:32]} {[%emt 00:10:24]}
11. Qg3 {[%clk 01:03:29]} {[%emt 00:08:28]} Be3 {[%clk 00:40:20]} {[%emt
00:34:41]} 12. Bxe3 {[%clk 00:57:10]} {[%emt 00:06:48]} Qxe3 {[%clk 00:40:24]}
{[%emt 00:00:27]} 13. Qxe3 {[%clk 00:57:11]} {[%emt 00:00:29]} Nxe3 {[%clk
00:40:48]} {[%emt 00:00:06]} 14. Rf3 {[%clk 00:56:14]} {[%emt 00:01:27]} exf4
{[%clk 00:38:33]} {[%emt 00:02:46]} 15. Rxf4 {[%clk 00:56:02]} {[%emt
00:00:41]} Ng4 {[%clk 00:38:25]} {[%emt 00:00:38]} 16. Nd2 {[%clk 00:48:24]}
{[%emt 00:08:07]} Ne5 {[%clk 00:37:15]} {[%emt 00:01:41]} 17. Nc4 {[%clk
00:46:27]} {[%emt 00:02:27]} Nxc4 {[%clk 00:30:17]} {[%emt 00:07:28]} 18. Bxc4
{[%clk 00:46:48]} {[%emt 00:00:09]} f6 {[%clk 00:29:59]} {[%emt 00:00:48]} 19.
e5 {[%clk 00:43:01]} {[%emt 00:04:17]} f5 {[%clk 00:29:37]} {[%emt 00:00:51]}
20. Rd1 {[%clk 00:39:10]} {[%emt 00:04:20]} Ke7 {[%clk 00:29:05]} {[%emt
00:01:03]} 21. Rd6 {[%clk 00:26:49]} {[%emt 00:12:52]} Bd7 {[%clk 00:27:12]}
{[%emt 00:02:23]} 22. Bd3 {[%clk 00:18:29]} {[%emt 00:08:50]} Rad8 {[%clk
00:20:52]} {[%emt 00:06:49]} 23. Rb4 {[%clk 00:15:38]} {[%emt 00:03:21]} Bc8
{[%clk 00:19:19]} {[%emt 00:02:01]} 24. Rbd4 {[%clk 00:13:43]} {[%emt
00:02:27]} c5 {[%clk 00:17:01]} {[%emt 00:02:48]} 25. R4d5 {[%clk 00:11:15]}
{[%emt 00:02:59]} b6 {[%clk 00:16:43]} {[%emt 00:00:49]} 26. Bc4 {[%clk
00:07:52]} {[%emt 00:03:52]} Bb7 {[%clk 00:09:30]} {[%emt 00:07:42]} 27. Rd2
{[%clk 00:05:22]} {[%emt 00:03:00]} Rxd6 {[%clk 00:07:40]} {[%emt 00:02:21]}
28. exd6+ {[%clk 00:05:39]} {[%emt 00:00:13]} Kf6 {[%clk 00:07:40]} {[%emt
00:00:31]} 29. d7 {[%clk 00:03:57]} {[%emt 00:02:11]} Rd8 {[%clk 00:07:55]}
{[%emt 00:00:14]} 30. Bg8 {[%clk 00:03:00]} {[%emt 00:01:28]} h6 {[%clk
00:07:00]} {[%emt 00:01:25]} 31. Bh7 {[%clk 00:02:35]} {[%emt 00:00:55]} g6
{[%clk 00:06:06]} {[%emt 00:01:24]} 32. Rd6+ {[%clk 00:02:44]} {[%emt
00:00:20]} Ke5 {[%clk 00:05:23]} {[%emt 00:01:14]} 33. Rd2 {[%clk 00:01:48]}
{[%emt 00:01:26]} Kf6 {[%clk 00:03:17]} {[%emt 00:02:36]} 34. Rd6+ {[%clk
00:01:56]} {[%emt 00:00:22]} Ke5 {[%clk 00:03:06]} {[%emt 00:00:40]} 35. Rd2
{[%clk 00:02:08]} {[%emt 00:00:18]} Kf6 {[%clk 00:03:04]} {[%emt 00:00:32]}
1/2-1/2

[Event "Deutsche Ländermeisterschaft 2025"]
[Site "Oer-Erkenschwick GER"]
[Date "2025.10.02"]
[Round "3"]
[White "Sniegowski, Victoria"]
[Black "Bayer, Klara"]
[Result "0-1"]
[Termination "normal"]
[Board "7.8"]
[WhiteElo "1485"]
[BlackElo "1749"]
[WhiteClock "00:41:43"]
[BlackClock "00:43:15"]
[WhiteTeam "Thüringen"]
[BlackTeam "Berlin"]
[PlyCount "65"]
[WhiteFideId "34675612"]
[BlackFideId "34658955"]
[EventCountry "GER"]
[EventRounds "7"]
[EventType "team-swiss"]
[EventDate "2025.09.30"]

1. Nf3 {[%clk 01:30:58]} {[%emt 00:00:02]} d5 {[%clk 01:30:47]} {[%emt
00:00:12]} 2. g3 {[%clk 01:31:14]} {[%emt 00:00:15]} Nf6 {[%clk 01:31:05]}
{[%emt 00:00:11]} 3. Bg2 {[%clk 01:31:24]} {[%emt 00:00:21]} c5 {[%clk
01:29:46]} {[%emt 00:01:49]} 4. d3 {[%clk 01:31:27]} {[%emt 00:00:26]} Nc6
{[%clk 01:29:41]} {[%emt 00:00:35]} 5. O-O {[%clk 01:31:32]} {[%emt 00:00:25]}
e6 {[%clk 01:29:55]} {[%emt 00:00:17]} 6. Re1 {[%clk 01:31:23]} {[%emt
00:00:39]} Be7 {[%clk 01:29:52]} {[%emt 00:00:33]} 7. Nbd2 {[%clk 01:30:18]}
{[%emt 00:01:35]} b6 {[%clk 01:29:54]} {[%emt 00:00:27]} 8. e4 {[%clk
01:29:24]} {[%emt 00:01:24]} Bb7 {[%clk 01:27:30]} {[%emt 00:02:55]} 9. c3
{[%clk 01:25:18]} {[%emt 00:04:36]} O-O {[%clk 01:25:15]} {[%emt 00:02:45]} 10.
Qc2 {[%clk 01:18:15]} {[%emt 00:07:31]} Rc8 {[%clk 01:24:50]} {[%emt 00:00:57]}
11. a3 {[%clk 01:17:18]} {[%emt 00:01:27]} Ba6 {[%clk 01:20:32]} {[%emt
00:04:48]} 12. b4 {[%clk 01:15:29]} {[%emt 00:02:18]} cxb4 {[%clk 01:16:26]}
{[%emt 00:04:37]} 13. axb4 {[%clk 01:15:42]} {[%emt 00:00:16]} Nxb4 {[%clk
01:13:44]} {[%emt 00:03:12]} 14. Qb1 {[%clk 01:13:41]} {[%emt 00:02:27]} Bxd3
{[%clk 01:11:07]} {[%emt 00:03:10]} 15. Qb2 {[%clk 01:08:57]} {[%emt 00:05:06]}
Nc2 {[%clk 01:10:52]} {[%emt 00:00:53]} 16. Rxa7 {[%clk 01:05:17]} {[%emt
00:04:10]} Nxe1 {[%clk 01:11:10]} {[%emt 00:00:13]} 17. Nxe1 {[%clk 01:05:30]}
{[%emt 00:00:16]} dxe4 {[%clk 01:09:17]} {[%emt 00:02:24]} 18. Ra4 {[%clk
01:02:39]} {[%emt 00:03:20]} Bc5 {[%clk 01:04:37]} {[%emt 00:05:10]} 19. Nb3
{[%clk 00:59:26]} {[%emt 00:03:43]} b5 {[%clk 00:54:35]} {[%emt 00:10:33]} 20.
Ra5 {[%clk 00:56:55]} {[%emt 00:02:59]} Bc4 {[%clk 00:50:49]} {[%emt 00:04:18]}
21. Ra1 {[%clk 00:55:54]} {[%emt 00:01:29]} Qd1 {[%clk 00:48:38]} {[%emt
00:02:43]} 22. Bd2 {[%clk 00:50:55]} {[%emt 00:05:29]} Qxb3 {[%clk 00:47:53]}
{[%emt 00:01:15]} 23. Qc1 {[%clk 00:50:07]} {[%emt 00:01:17]} Rfd8 {[%clk
00:46:45]} {[%emt 00:01:38]} 24. Nc2 {[%clk 00:49:01]} {[%emt 00:01:36]} Bd3
{[%clk 00:44:57]} {[%emt 00:02:18]} 25. Ne3 {[%clk 00:48:27]} {[%emt 00:01:05]}
Bxe3 {[%clk 00:44:26]} {[%emt 00:01:01]} 26. Bxe3 {[%clk 00:48:04]} {[%emt
00:00:49]} Qxc3 {[%clk 00:44:41]} {[%emt 00:00:19]} 27. Qxc3 {[%clk 00:47:54]}
{[%emt 00:00:40]} Rxc3 {[%clk 00:45:05]} {[%emt 00:00:04]} 28. Rd1 {[%clk
00:47:49]} {[%emt 00:00:28]} Rdc8 {[%clk 00:44:19]} {[%emt 00:01:24]} 29. h3
{[%clk 00:46:49]} {[%emt 00:01:30]} Nd5 {[%clk 00:44:07]} {[%emt 00:00:42]} 30.
Bd2 {[%clk 00:46:27]} {[%emt 00:00:51]} Rc2 {[%clk 00:44:13]} {[%emt 00:00:25]}
31. Kh2 {[%clk 00:44:47]} {[%emt 00:02:08]} Be2 {[%clk 00:42:56]} {[%emt
00:01:48]} 32. Bxe4 {[%clk 00:41:43]} {[%emt 00:03:35]} Bxd1 {[%clk 00:43:15]}
{[%emt 00:00:11]} 33. Bxc2 {[%emt 00:03:14]} 0-1

[Event "Deutsche Ländermeisterschaft 2025"]
[Site "Oer-Erkenschwick GER"]
[Date "2025.10.02"]
[Round "3"]
[White "Avdic, Faris"]
[Black "Reyes-Mantilla, Andrés Mauricio"]
[Result "1/2-1/2"]
[Termination "normal"]
[Board "8.1"]
[WhiteElo "2281"]
[BlackElo "2047"]
[WhiteClock "00:24:49"]
[BlackClock "00:03:01"]
[WhiteTeam "Hamburg 1"]
[BlackTeam "Hamburg 2"]
[PlyCount "55"]
[WhiteFideId "14422328"]
[BlackFideId "4467248"]
[EventCountry "GER"]
[EventRounds "7"]
[EventType "team-swiss"]
[EventDate "2025.09.30"]

1. d4 {[%clk 01:30:50]} {[%emt 00:00:08]} Nf6 {[%clk 01:30:56]} {[%emt
00:00:06]} 2. c4 {[%clk 01:31:14]} {[%emt 00:00:05]} e6 {[%clk 01:31:23]}
{[%emt 00:00:04]} 3. Nc3 {[%clk 01:30:52]} {[%emt 00:00:51]} d5 {[%clk
01:31:33]} {[%emt 00:00:21]} 4. cxd5 {[%clk 01:31:12]} {[%emt 00:00:08]} exd5
{[%clk 01:31:59]} {[%emt 00:00:05]} 5. Bg5 {[%clk 01:31:35]} {[%emt 00:00:07]}
c6 {[%clk 01:32:18]} {[%emt 00:00:11]} 6. Qc2 {[%clk 01:31:59]} {[%emt
00:00:05]} Be7 {[%clk 01:32:34]} {[%emt 00:00:14]} 7. e3 {[%clk 01:32:24]}
{[%emt 00:00:06]} O-O {[%clk 01:32:49]} {[%emt 00:00:15]} 8. Bd3 {[%clk
01:32:49]} {[%emt 00:00:05]} h6 {[%clk 01:33:16]} {[%emt 00:00:03]} 9. Bh4
{[%clk 01:33:15]} {[%emt 00:00:04]} Re8 {[%clk 01:30:11]} {[%emt 00:03:35]} 10.
Nge2 {[%clk 01:33:21]} {[%emt 00:00:23]} a5 {[%clk 01:28:17]} {[%emt 00:02:26]}
11. O-O {[%clk 01:32:39]} {[%emt 00:01:10]} Na6 {[%clk 01:28:38]} {[%emt
00:00:11]} 12. a3 {[%clk 01:32:47]} {[%emt 00:00:20]} Nc7 {[%clk 01:28:49]}
{[%emt 00:00:20]} 13. f3 {[%clk 01:32:15]} {[%emt 00:01:01]} c5 {[%clk
01:24:09]} {[%emt 00:05:11]} 14. Rad1 {[%clk 01:28:05]} {[%emt 00:04:39]} c4
{[%clk 01:19:06]} {[%emt 00:05:34]} 15. Bf5 {[%clk 01:28:16]} {[%emt 00:00:19]}
b5 {[%clk 01:19:22]} {[%emt 00:00:14]} 16. Bg3 {[%clk 01:13:24]} {[%emt
00:15:22]} b4 {[%clk 00:44:51]} {[%emt 00:35:01]} 17. Bxc7 {[%clk 01:01:11]}
{[%emt 00:12:43]} Qxc7 {[%clk 00:40:14]} {[%emt 00:05:06]} 18. Nb5 {[%clk
01:01:09]} {[%emt 00:00:32]} Qb6 {[%clk 00:36:56]} {[%emt 00:03:49]} 19. a4
{[%clk 01:01:33]} {[%emt 00:00:06]} Bb7 {[%clk 00:26:41]} {[%emt 00:10:45]} 20.
b3 {[%clk 00:52:24]} {[%emt 00:09:38]} c3 {[%clk 00:23:42]} {[%emt 00:03:30]}
21. Ng3 {[%clk 00:50:16]} {[%emt 00:02:38]} Bf8 {[%clk 00:23:17]} {[%emt
00:00:55]} 22. Qf2 {[%clk 00:46:51]} {[%emt 00:03:54]} h5 {[%clk 00:17:36]}
{[%emt 00:06:12]} 23. h4 {[%clk 00:39:12]} {[%emt 00:08:09]} g6 {[%emt
00:09:51]} 24. Bd3 {[%clk 00:39:22]} {[%emt 00:00:18]} Re7 {[%clk 00:08:37]}
{[%emt 00:00:10]} 25. Rde1 {[%clk 00:32:47]} {[%emt 00:07:05]} Rd8 {[%clk
00:05:54]} {[%emt 00:03:13]} 26. Re2 {[%clk 00:27:33]} {[%emt 00:05:44]} Bg7
{[%clk 00:04:58]} {[%emt 00:01:25]} 27. Rfe1 {[%clk 00:26:08]} {[%emt
00:01:55]} Rde8 {[%clk 00:03:01]} {[%emt 00:02:29]} 28. Nf1 {[%clk 00:24:49]}
{[%emt 00:01:47]} 1/2-1/2

[Event "Deutsche Ländermeisterschaft 2025"]
[Site "Oer-Erkenschwick GER"]
[Date "2025.10.02"]
[Round "3"]
[White "Tietz, Bennit"]
[Black "Fuhrmann, Bahne"]
[Result "1-0"]
[Termination "normal"]
[Board "8.2"]
[BlackTitle "FM"]
[WhiteElo "2036"]
[BlackElo "2225"]
[WhiteClock "00:02:58"]
[BlackClock "00:28:22"]
[WhiteTeam "Hamburg 2"]
[BlackTeam "Hamburg 1"]
[PlyCount "99"]
[WhiteFideId "16286936"]
[BlackFideId "16244842"]
[EventCountry "GER"]
[EventRounds "7"]
[EventType "team-swiss"]
[EventDate "2025.09.30"]

1. e4 {[%clk 01:30:51]} {[%emt 00:00:09]} e5 {[%clk 01:30:54]} {[%emt
00:00:06]} 2. Nf3 {[%clk 01:31:12]} {[%emt 00:00:10]} Nc6 {[%clk 01:31:19]}
{[%emt 00:00:06]} 3. Bb5 {[%clk 01:31:24]} {[%emt 00:00:18]} a6 {[%clk
01:31:43]} {[%emt 00:00:05]} 4. Ba4 {[%clk 01:31:48]} {[%emt 00:00:06]} Nf6
{[%clk 01:32:08]} {[%emt 00:00:04]} 5. d4 {[%clk 01:31:29]} {[%emt 00:00:50]}
Nxe4 {[%clk 01:32:07]} {[%emt 00:00:30]} 6. Qe2 {[%clk 01:31:24]} {[%emt
00:00:35]} b5 {[%clk 01:22:40]} {[%emt 00:09:58]} 7. Qxe4 {[%clk 01:30:38]}
{[%emt 00:01:16]} d5 {[%clk 01:22:32]} {[%emt 00:00:38]} 8. Qe3 {[%clk
01:30:12]} {[%emt 00:00:56]} bxa4 {[%clk 01:22:51]} {[%emt 00:00:14]} 9. Nxe5
{[%clk 01:30:22]} {[%emt 00:00:16]} Nxe5 {[%clk 01:22:51]} {[%emt 00:00:31]}
10. Qxe5+ {[%clk 01:29:59]} {[%emt 00:00:52]} Be6 {[%clk 01:16:20]} {[%emt
00:07:01]} 11. O-O {[%clk 00:59:13]} {[%emt 00:31:16]} Qd7 {[%clk 01:16:16]}
{[%emt 00:00:34]} 12. f4 {[%clk 00:55:39]} {[%emt 00:04:03]} f6 {[%clk
01:11:06]} {[%emt 00:05:41]} 13. Qe2 {[%clk 00:38:20]} {[%emt 00:17:49]} Kf7
{[%clk 01:10:54]} {[%emt 00:00:42]} 14. Nc3 {[%clk 00:30:24]} {[%emt 00:08:26]}
Bb4 {[%clk 01:03:34]} {[%emt 00:07:49]} 15. Qf3 {[%clk 00:25:18]} {[%emt
00:05:36]} Bxc3 {[%clk 01:03:21]} {[%emt 00:00:44]} 16. Qxc3 {[%clk 00:24:23]}
{[%emt 00:01:25]} h5 {[%clk 01:03:01]} {[%emt 00:00:50]} 17. b3 {[%clk
00:21:36]} {[%emt 00:03:17]} Bf5 {[%clk 00:58:23]} {[%emt 00:05:07]} 18. Ba3
{[%clk 00:19:09]} {[%emt 00:02:57]} Rh6 {[%clk 00:57:26]} {[%emt 00:01:27]} 19.
Rae1 {[%clk 00:18:06]} {[%emt 00:01:33]} Be4 {[%clk 00:57:00]} {[%emt
00:00:57]} 20. f5 {[%clk 00:13:34]} {[%emt 00:05:02]} Re8 {[%clk 00:54:07]}
{[%emt 00:03:22]} 21. h4 {[%clk 00:06:24]} {[%emt 00:07:40]} Rhh8 {[%clk
00:52:08]} {[%emt 00:02:30]} 22. Re3 {[%clk 00:01:10]} {[%emt 00:05:44]} Bxf5
{[%clk 00:50:13]} {[%emt 00:02:25]} 23. bxa4 {[%clk 00:00:35]} {[%emt
00:01:06]} Rxe3 {[%clk 00:48:28]} {[%emt 00:02:14]} 24. Qxe3 {[%clk 00:01:04]}
Be4 {[%clk 00:48:44]} {[%emt 00:00:14]} 25. c4 {[%clk 00:00:49]} {[%emt
00:00:45]} Qg4 {[%clk 00:48:03]} {[%emt 00:01:11]} 26. Rf2 {[%clk 00:00:37]}
{[%emt 00:00:42]} Rh6 {[%clk 00:38:56]} {[%emt 00:09:37]} 27. cxd5 {[%clk
00:00:49]} {[%emt 00:00:18]} Rg6 {[%clk 00:38:42]} {[%emt 00:00:44]} 28. Re2
{[%clk 00:00:36]} {[%emt 00:00:43]} f5 {[%clk 00:38:02]} {[%emt 00:01:09]} 29.
d6 {[%clk 00:00:33]} {[%emt 00:00:34]} cxd6 {[%clk 00:35:41]} {[%emt 00:02:51]}
30. Qb3+ {[%clk 00:01:00]} {[%emt 00:00:04]} Re6 {[%clk 00:34:18]} {[%emt
00:01:52]} 31. Qb2 {[%clk 00:00:42]} {[%emt 00:00:49]} Qxh4 {[%clk 00:32:57]}
{[%emt 00:01:50]} 32. Qc3 {[%clk 00:00:34]} {[%emt 00:00:38]} Kg6 {[%clk
00:26:49]} {[%emt 00:06:37]} 33. d5 {[%clk 00:00:44]} {[%emt 00:00:20]} Bxd5
{[%clk 00:17:56]} {[%emt 00:09:24]} 34. Bb2 {[%clk 00:01:08]} {[%emt 00:00:05]}
Qe7 {[%clk 00:17:49]} {[%emt 00:00:38]} 35. Qg3+ {[%clk 00:00:40]} {[%emt
00:00:58]} Kh7 {[%clk 00:18:02]} {[%emt 00:00:16]} 36. Rxe6 {[%clk 00:00:48]}
{[%emt 00:00:23]} Bxe6 {[%clk 00:18:26]} {[%emt 00:00:06]} 37. Ba3 {[%clk
00:00:33]} {[%emt 00:00:45]} Qa7+ {[%clk 00:17:56]} {[%emt 00:00:59]} 38. Kh2
{[%clk 00:01:02]} {[%emt 00:00:02]} Qd4 {[%clk 00:11:19]} {[%emt 00:07:07]} 39.
Bxd6 {[%clk 00:00:36]} {[%emt 00:00:56]} h4 {[%clk 00:11:43]} {[%emt 00:00:05]}
40. Qa3 {[%clk 00:00:34]} {[%emt 00:00:34]} Bxa2 {[%clk 00:10:50]} {[%emt
00:01:22]} 41. Bc7 {[%clk 00:17:57]} {[%emt 00:13:06]} Bd5 {[%clk 00:32:48]}
{[%emt 00:08:32]} 42. Qh3 {[%clk 00:12:31]} {[%emt 00:05:56]} Kg6 {[%clk
00:32:26]} {[%emt 00:00:51]} 43. a5 {[%clk 00:11:03]} {[%emt 00:01:59]} Qe4
{[%clk 00:32:21]} {[%emt 00:00:35]} 44. Bd8 {[%clk 00:07:06]} {[%emt 00:04:25]}
Kh5 {[%clk 00:32:19]} {[%emt 00:00:33]} 45. Bb6 {[%clk 00:02:25]} {[%emt
00:05:12]} Qe5+ {[%clk 00:30:47]} {[%emt 00:02:02]} 46. Kg1 {[%clk 00:02:03]}
{[%emt 00:00:52]} Qe1+ {[%clk 00:31:04]} {[%emt 00:00:13]} 47. Kh2 {[%clk
00:02:32]} Qf1 {[%clk 00:30:05]} {[%emt 00:01:29]} 48. g4+ {[%clk 00:02:29]}
{[%emt 00:00:32]} fxg4 {[%clk 00:28:14]} {[%emt 00:02:21]} 49. Qxf1 {[%clk
00:02:58]} {[%emt 00:00:01]} g5 {[%clk 00:28:22]} {[%emt 00:00:23]} 50. Qe2
{[%emt 00:01:38]} 1-0